000 00455nam a22001697a 4500
999 _c60549
_d60549
005 20230818102904.0
008 230818s1993 enk||||| |||| 00| 0 eng d
020 _a3900284024
041 _aeng
080 _a94 Sc-30
100 _aSchmid, Marion
_919690
245 _aAustria in picture /
_c Marion Schmid.
264 _aSalzburg,
_c1993.
300 _a90 p.
_bill.;
_c29 cm.
653 _aავსტრია სურათზე
942 _2udc
_cBK